Home Print Resources E-Books E-Journals IIMT Lecture Series Library Membership Form Book Recommendation Form Campus Tour Take AdmissionAbout Us Contact Us

ALAUKIK YATHARTH (Record no. 58733)

000 -LEADER
fixed length control field 00370nam a22001457a 4500
003 - CONTROL NUMBER IDENTIFIER
control field OSt
005 - DATE AND TIME OF LATEST TRANSACTION
control field 20240420130203.0
008 - FIXED-LENGTH DATA ELEMENTS--GENERAL INFORMATION
fixed length control field 240420b |||||||| |||| 00| 0 eng d
040 ## - CATALOGING SOURCE
Transcribing agency IIMT UNIVERSITY
100 ## - MAIN ENTRY--PERSONAL NAME
Personal name PANDEY, RAVI PRAKASH
245 ## - TITLE STATEMENT
Title ALAUKIK YATHARTH
260 ## - PUBLICATION, DISTRIBUTION, ETC.
Place of publication, distribution, etc. NAINITAL
Name of publisher, distributor, etc. SRI KAINCHI HANUMAN MANDIR TATHA TRUST
Date of publication, distribution, etc. 2024
300 ## - PHYSICAL DESCRIPTION
Extent 446
942 ## - ADDED ENTRY ELEMENTS (KOHA)
Source of classification or shelving scheme
Koha item type Specimen
Holdings
Withdrawn status Lost status Source of classification or shelving scheme Damaged status Not for loan Home library Current library Date acquired Source of acquisition Inventory number Total Checkouts Barcode Date last seen Date last checked out Uniform Resource Identifier Price effective from Koha item type Checked out
          IIMT University Central Library Meerut IIMT University Central Library Meerut 04/20/2024 CHAIRMEN SIR DONATED 3 28-S-3916 04/16/2026 04/07/2026 Hinduism / Spirituality 04/20/2024 Text-Book- for 7 days  
          IIMT University Central Library Meerut IIMT University Central Library Meerut 04/20/2024 CHAIRMEN SIR DONATED 3 28-S-3917 04/07/2025 04/07/2025 Hinduism / Spirituality 04/20/2024 Text-Book- for 7 days 08/15/2025
IIMT, Central Library. All Rights Reserved IIMT,UNIVERSITY © 2023
Implemented and Customised by I CLOUDE EMS
You Are OPAC Visitor No
free web counter

Powered by Koha